| 000 | 00816nam a2200241 a 4500 | ||
|---|---|---|---|
| 001 | BRCA_7389 | ||
| 005 | 20190320205823.0 | ||
| 008 | 220313s1947----mx-#######---#000-0#spa-# | ||
| 041 | _aspa | ||
| 044 | _amx | ||
| 050 | 4 |
_aHF5629 _b.M36 1947 |
|
| 100 | 1 |
_aMancera Ortiz, Rafael _914698 |
|
| 245 | 1 | 0 |
_aBreve historia de la profesión de contador público en México _cpor Rafael Mancera Ortiz. |
| 260 |
_aMéxico _bInstituto de Contadores Públicos Titulados de México _c[1947] |
||
| 300 | _a23 p. | ||
| 500 | _aConferencia en el Club de Rotarios de la ciudad de México, 29 de julio de 1947 | ||
| 500 | _aQ99 | ||
| 650 | 1 | 4 |
_aContabilidad _xHistoria _9960 |
| 650 | 1 | 4 |
_aContadores _zMéxico _918238 |
| 710 | 2 |
_aInstituto de Contadores Públicos Titulados de México _918239 |
|
| 902 | _aGFM | ||
| 942 |
_2lcc _cB |
||
| 999 |
_c7065 _d7065 |
||